[Event "XVI Gran Hotel Bali 2017"]
[Site "Benidorm"]
[Date "2017.12.05"]
[Round "5"]
[White "Lornye, Pylyp"]
[Black "Zohaib Hassan, Mohamed"]
[Result "1-0"]
[WhiteElo "2264"]
[BlackElo "2231"]
[Annotator "RC"]
[PlyCount "67"]
[EventDate "2017.??.??"]
[EventType "swiss"]
[EventCountry "ESP"]
[SourceTitle "playchess.com"]
[Source "ChessBase"]
[SourceQuality "1"]
[TimeControl "5400+30"]

1. Nf3 {[%emt 0:00:00]} Nf6 {[%emt 0:00:09]} 2. g3 {[%emt 0:00:00]} b6 {[%emt 0:00:07]} 3. Bg2 {[%emt 0:00:00]} Bb7 {[%emt 0:00:01]} 4. O-O {[%emt 0:00:02]} e6 {[%emt 0:00:01]} 5. d3 {[%emt 0:00:26]} Be7 {[%emt 0:00:36]} 6. e4 {[%emt 0:01:17]} d5 {[%emt 0:00:25]} 7. Nfd2 {[%emt 0:01:34]} dxe4 {[%emt 0:02:54]} 8. dxe4 {[%emt 0:00:18]} e5 {[%emt 0:00:38]} 9. Nc3 {[%emt 0:02:40]} Nc6 {[%emt 0:04:05]} 10. Nd5 {[%emt 0:04:09]} Bd6 {[%emt 0:01:31]} 11. Nc4 {[%emt 0:04:14]} Ba6 {[%emt 0:03:21]} 12. Nxd6+ {[%emt 0:06:54]} Qxd6 {[%emt 0:00:43]} 13. Re1 {[%emt 0:00:07]} O-O {[%emt 0:00:54]} 14. Bg5 {[%emt 0:01:04]} Nxd5 {[%emt 0:02:02]} 15. exd5 {[%emt 0:00:21]} Nd8 {[%emt 0:01:51]} 16. Be7 {[%emt 0:04:34]} Qxe7 {[%emt 0:00:17]} 17. d6 {[%emt 0:01:38]} cxd6 {[%emt 0:00:14]} 18. Bxa8 {[%emt 0:00:05]} f5 {[%emt 0:00:59]} 19. Bd5+ {[%emt 0:00:40]} Kh8 {[%emt 0:00:15]} 20. Qf3 {[%emt 0:02:07]} Ne6 {[%emt 0:00:16]} 21. Qa3 {[%emt 0:01:38]} Bc8 {[%emt 0:00:22]} 22. Rxe5 {[%emt 0:00:16]} Qf6 {[%emt 0:03:46]} 23. Qxd6 {[%emt 0:00:30]} Nf4 {[%emt 0:00:25]} 24. Qa3 {[%emt 0:10:28]} Nxd5 {[%emt 0:00:10]} 25. Rxd5 {[%emt 0:00:07]} Bb7 {[%emt 0:00:38]} 26. Rd7 {[%emt 0:00:47]} Bc8 {[%emt 0:00:36]} 27. Rxa7 {[%emt 0:01:54]} Re8 {[%emt 0:00:08]} 28. Qc3 {[%emt 0:00:22]} Qf8 {[%emt 0:00:18]} 29. Re1 {[%emt 0:00:17]} Rd8 {[%emt 0:00:48]} 30. Qa3 {[%emt 0:00:34]} Qg8 {[%emt 0:00:28]} 31. Qc3 {[%emt 0:00:42]} f4 {[%emt 0:00:11]} 32. Rae7 {[%emt 0:03:21]} Bh3 {[%emt 0:00:57]} 33. Qc6 {[%emt 0:00:31]} Rc8 {[%emt 0:00:35]} 34. Qxc8 1-0

[Event "XVI Gran Hotel Bali 2017"]
[Site "Benidorm"]
[Date "2017.12.05"]
[Round "5"]
[White "Rodriguez Alvarez, Vidal"]
[Black "Segarra Martinez, Axel"]
[Result "1-0"]
[WhiteElo "2256"]
[BlackElo "2176"]
[Annotator "TA"]
[PlyCount "54"]
[EventDate "2017.??.??"]
[EventType "swiss"]
[EventCountry "ESP"]
[SourceTitle "playchess.com"]
[Source "ChessBase"]
[SourceQuality "1"]

{[%evp 18,54,49,50,99,103,110,110,134,106,125,127,161,122,124,127,230,225,306,307,497,497,497,490,487,468,627,627,627,627,625,618,605,555,797,797,793,766,772]} 1. Nf3 Nf6 2. c4 c5 3. Nc3 Nc6 4. g3 d5 5. d4 e6 6. cxd5 Nxd5 7. Bg2 Be7 8. O-O O-O 9. Nxd5 Qxd5 10. Be3 {LiveBook: 19 Games} c4 {D41: Queen's Gambit Declined: Semi-Tarrasch with 5 cxd5} (10... cxd4 11. Nxd4 Qb5 12. Nxc6 bxc6 13. b3 Qa6 14. Qc2 Bb7 15. Bf3 Rfc8 16. Bc5 Bxc5 17. Qxc5 Qb6 18. Rac1 Qxc5 19. Rxc5 {½-½ (29) Saric,I (2553)-Bogut,Z (2411) Sarajevo 2017}) 11. Qc2 Qb5 $146 ({Predecessor:} 11... Nb4 12. Qc1 Qb5 13. a4 Qa6 14. Ne5 f6 15. Nxc4 Bd7 16. b3 Nd5 17. Bd2 Rac8 18. Qb2 {1-0 (45) Hausner,I (2410)-Gostisa,L (2430) Debrecen 1992}) 12. Rfc1 {[%cal Bf1c1,Bc1c4,Bc4c7][%mdl 32]} Rd8 {White is better.} 13. a4 Qb3 14. a5 a6 15. Qxc4 Qxc4 16. Rxc4 Rd5 {[#]} (16... Bf6 $16 17. b4 h6) 17. Ne5 $1 $18 Nxe5 18. dxe5 Rxe5 $2 (18... Rd8 {keeps fighting.} 19. Rac1 Re8) 19. Rac1 {White is clearly winning.} Bd7 20. Rc7 Rd8 21. Rd1 Bc6 22. Rxd8+ Bxd8 23. Rc8 Kf8 {intending ...Bxg2.} 24. Rxd8+ Ke7 25. Bb6 Rxe2 {With the idea ...Re1+.} 26. Bxc6 bxc6 27. b4 Re4 {Precision: White = 97%, Black = 26%.} 1-0

[Event "XVI Gran Hotel Bali 2017"]
[Site "Benidorm"]
[Date "2017.12.05"]
[Round "5"]
[White "Hristodorescu, Daniel"]
[Black "Fernandez Barrera, Victor"]
[Result "1/2-1/2"]
[WhiteElo "2237"]
[BlackElo "2300"]
[Annotator "TA"]
[PlyCount "42"]
[EventDate "2017.??.??"]
[EventType "swiss"]
[EventCountry "ESP"]
[SourceTitle "playchess.com"]
[Source "ChessBase"]
[SourceQuality "1"]

{[%evp 15,42,9,51,0,0,0,0,0,18,-8,0,-12,0,-48,-33,-48,0,-21,-27,-22,-14,-56,-26,-27,0,0,0,0,0]} 1. e4 c5 2. Nf3 Nc6 3. Bb5 e6 4. O-O Nge7 5. c3 a6 6. Ba4 b5 7. Bc2 Bb7 8. a4 d5 {LiveBook: 9 Games. B30: Sicilian: 2...Nc6 3 Bb5, lines without ...g6} (8... Ng6 9. axb5 axb5 10. Rxa8 Qxa8 11. d4 cxd4 12. Nxd4 b4 13. Nxc6 Bxc6 14. Re1 Be7 15. cxb4 O-O 16. b5 Bxb5 {0-1 (44) Lobzhanidze,D (2432)-Krasenkow,M (2651) Germany 2017}) 9. exd5 (9. axb5 $14 axb5 10. Rxa8 Qxa8 11. d4) 9... Nxd5 $11 10. axb5 $146 ({Predecessor:} 10. d4 cxd4 11. Nxd4 Nxd4 12. Qxd4 Qf6 13. Qg4 Bd6 14. Nd2 h5 15. Qd1 Bc7 16. Ne4 {½-½ (45) Robson,R (2545)-Finegold,B (2494) Saint Louis 2011}) 10... axb5 11. Rxa8 Bxa8 12. Qe2 b4 13. d4 cxd4 14. Nxd4 Nxd4 15. cxd4 Bc6 16. Be3 Bd6 17. Nd2 O-O 18. Nc4 Bc7 19. Ne5 Bxe5 20. dxe5 Nxe3 21. Qxe3 Bd5 1/2-1/2

[Event "XVI Gran Hotel Bali 2017"]
[Site "Benidorm"]
[Date "2017.12.05"]
[Round "5"]
[White "Olcum, Ahmet"]
[Black "Ayats Llobera, Gerard"]
[Result "1-0"]
[WhiteElo "2231"]
[BlackElo "2285"]
[Annotator "TA"]
[PlyCount "109"]
[EventDate "2017.??.??"]
[EventType "swiss"]
[EventCountry "ESP"]
[SourceTitle "playchess.com"]
[Source "ChessBase"]
[SourceQuality "1"]

{[%evp 12,109,-13,-12,-17,-17,-10,-17,-17,-12,-12,-54,-66,-60,-60,-46,-42,-61,-70,-85,0,0,9,0,14,-7,95,0,0,-41,103,97,146,137,146,45,34,12,28,31,49,50,73,0,-7,-9,0,-175,-144,-136,-144,-252,-248,-264,-232,-233,-258,-668,-29,-330,-282,-285,0,-463,-181,-168,0,-22,204,0,440,430,493,0,0,-531,-27,-15,404,400,396,402,357,366,371,394,388,373,447,447,452,461,643,643,643,638,625,603,2116,941]} 1. d4 Nf6 2. Nf3 e6 3. Bf4 b6 4. e3 Bb7 5. Nbd2 Be7 6. Bd3 Nh5 7. Qe2 {LiveBook: 5 Games. A47: 1 d4 Nf6 2 Nf3 b6: Torre, London and Colle Systems} c5 8. c3 (8. Bg3 Nxg3 9. hxg3 g6 10. c3 Nc6 11. Ba6 Bxa6 12. Qxa6 Qc7 13. O-O d5 14. e4 cxd4 15. cxd4 dxe4 16. Nxe4 {1-0 (43) Romanov,E (2619)-Rozum,I (2590) Sochi 2016}) 8... Nc6 9. a3 $146 {The position is equal.} ({Predecessor:} 9. Bg3 O-O 10. Ne5 g6 11. Be4 Qc8 12. Bf3 Nxg3 13. Nxc6 Bxc6 14. hxg3 d5 15. O-O-O f5 {0-1 (56) Dietmayer Kraeutler,M (2213)-Danner,G (2408) Graz 2005}) 9... Nxf4 10. exf4 Qc7 11. g3 cxd4 12. cxd4 {[#]} Nxd4 $1 {[%mdl 512]} 13. Nxd4 Bxh1 14. f3 h5 $1 {[%cal Rh5h4]} 15. Nb5 Qc5 (15... Qc6 $17 16. Qf1 h4) 16. Nb3 $11 Qc6 17. N3d4 Qc8 {And now ...a6 would win.} 18. Kd2 {Hoping for Rc1.} Bc5 (18... a6 19. Rc1 $14) (18... h4 $11 {keeps the balance.} 19. Rc1 Qb8) 19. Rc1 ({White should play} 19. Nb3 $16) 19... Qd8 20. Nb3 O-O (20... h4 $15 {keeps the upper hand.} 21. g4 Qf6) 21. Rxh1 $16 ({Not} 21. Nxc5 bxc5 22. Rxh1 d5 $15) 21... a6 22. Nc3 Be7 23. h4 (23. Bxa6 $16 h4 24. Bb5) 23... b5 $14 24. Ne4 f5 25. Ng5 Bf6 26. Kc2 a5 27. g4 (27. Nc1 $16) 27... a4 $11 28. Nc1 $1 Qc7+ 29. Kd1 $2 (29. Kb1 $11 {and White stays safe.}) 29... Qxf4 {aiming for ...Rfc8.} 30. Nh3 Qd4 {[%cal Rh5g4]} 31. g5 (31. gxf5 $17 exf5 32. Qd2) 31... Be5 $19 {Strongly threatening ...Rfc8.} 32. f4 Bxf4 ({Weaker is} 32... Qxb2 33. Qxe5 Qxa3 34. Nf2 $15 (34. Qxb5 Rfc8 $15)) 33. Nxf4 Qxf4 34. Qxh5 $2 (34. Qh2 Qf3+ 35. Kd2) 34... Rab8 $2 (34... Rfc8 $19 35. Ne2 Qe3) 35. Rg1 $2 {[%mdl 8192]} (35. g6 $1 $11 {and White is okay.} Qh6 36. Qxh6 gxh6 37. h5) 35... Qe3 36. Re1 Qf4 $2 (36... Qd4 $19 37. Qe2 b4) 37. Be2 $2 {[%mdl 8192]} (37. Rg1 $11) 37... Rfc8 $2 (37... b4 38. Nd3 Qd4) 38. Nd3 Qc4 $2 (38... Qd4 $1 $19 {...b4 is the strong threat.} 39. Rf1 Rc4) 39. Kd2 (39. Rf1 $5 {[%cal Rg5g6]}) 39... f4 $2 {[#]} (39... Qd4 $11 40. g6 Kf8) 40. Bd1 $2 (40. Rf1 $1 $18) 40... Qd4 $2 {[%mdl 8192] [#]} (40... b4 $11 41. g6 bxa3 42. Qh7+ Kf8 43. Qh8+ Ke7 44. Qxg7+ Kd6 45. Qe5+ Ke7 46. Qg7+ Kd6 47. Qe5+ Ke7 48. Qg7+) 41. g6 $1 $18 b4 {White must now prevent ...bxa3.} 42. axb4 $2 ({White should try} 42. Re5 $18) 42... a3 $1 $11 {[%cal Ra3b2]} 43. Qh7+ Kf8 44. Re5 $1 {Threatens to win with Qh8+.} axb2 $2 {[%mdl 8192]} (44... Rxb4 $11 45. Qh8+ Ke7 46. Qxc8 axb2) 45. Qh8+ $18 Ke7 {( -> ...Qxd3+!)} 46. Qxg7+ Kd8 47. Qf8+ Kc7 48. Qc5+ Qxc5 49. Rxc5+ Kd6 50. Nxb2 {White is clearly winning.} Rh8 51. h5 Rxb4 52. Nd3 Rbb8 53. Rg5 Rbg8 54. Ne5 Ra8 55. Ng4 {Precision: White = 38%, Black = 46%.} (55. Nf7+ $142 Ke7 56. Nxh8) 1-0

[Event "XVI Gran Hotel Bali 2017"]
[Site "Benidorm"]
[Date "2017.12.05"]
[Round "5"]
[White "Saenz Narciso, Miguel Angel"]
[Black "Arata, Roberto Mario"]
[Result "1-0"]
[WhiteElo "2228"]
[BlackElo "2169"]
[Annotator "RC"]
[PlyCount "81"]
[EventDate "2017.??.??"]
[EventType "swiss"]
[EventCountry "ESP"]
[SourceTitle "playchess.com"]
[Source "ChessBase"]
[SourceQuality "1"]
[TimeControl "5400+30"]

1. e4 {[%emt 0:00:00]} c6 {[%emt 0:04:32]} 2. d4 {[%emt 0:00:13]} d5 {[%emt 0:00:09]} 3. e5 {[%emt 0:00:09]} Bf5 {[%emt 0:00:12]} 4. Nc3 {[%emt 0:00:15]} h5 {[%emt 0:01:10]} 5. Bg5 {[%emt 0:06:30]} Qc7 {[%emt 0:03:32]} 6. Nf3 {[%emt 0:04:31]} e6 {[%emt 0:06:17]} 7. Nh4 {[%emt 0:02:34]} Be7 {[%emt 0:00:09]} 8. Nxf5 {[%emt 0:01:33]} exf5 {[%emt 0:00:05]} 9. Qd2 {[%emt 0:02:35]} Nd7 {[%emt 0:05:25]} 10. Qf4 {[%emt 0:07:02]} Nf8 {[%emt 0:02:09]} 11. Bxe7 {[%emt 0:07:17]} Nxe7 {[%emt 0:00:50]} 12. O-O-O {[%emt 0:01:04]} Ne6 {[%emt 0:00:21]} 13. Qe3 {[%emt 0:04:59]} f4 {[%emt 0:01:27]} 14. Qd2 {[%emt 0:02:00]} Nf5 {[%emt 0:00:23]} 15. Ne2 {[%emt 0:00:46]} g5 {[%emt 0:00:24]} 16. Qd3 {[%emt 0:06:25]} Ne7 {[%emt 0:00:31]} 17. g3 {[%emt 0:00:50]} Ng6 {[%emt 0:00:56]} 18. gxf4 {[%emt 0:06:46]} Ngxf4 {[%emt 0:00:53]} 19. Nxf4 {[%emt 0:00:58]} Nxf4 {[%emt 0:00:08]} 20. Qf5 {[%emt 0:00:05]} Ne6 {[%emt 0:00:17]} 21. Qf6 {[%emt 0:02:43]} Rg8 {[%emt 0:00:07]} 22. h4 {[%emt 0:02:40]} Qe7 {[%emt 0:05:03]} 23. hxg5 {[%emt 0:01:58]} Rxg5 {[%emt 0:00:11]} 24. Qh8+ {[%emt 0:01:13]} Qf8 {[%emt 0:02:24]} 25. Rxh5 {[%emt 0:00:47]} O-O-O {[%emt 0:00:14]} 26. Qxf8 {[%emt 0:00:27]} Rxf8 {[%emt 0:00:08]} 27. Rxg5 {[%emt 0:00:24]} Nxg5 {[%emt 0:00:09]} 28. f4 {[%emt 0:00:20]} Ne6 {[%emt 0:01:46]} 29. f5 {[%emt 0:02:59]} Nf4 {[%emt 0:00:12]} 30. Rd2 {[%emt 0:00:46]} Rh8 {[%emt 0:00:46]} 31. Rf2 {[%emt 0:00:11]} Rh4 {[%emt 0:00:11]} 32. c3 {[%emt 0:05:17]} Kd8 {[%emt 0:02:32]} 33. Kd2 {[%emt 0:00:36]} Ke7 {[%emt 0:01:36]} 34. Ke3 {[%emt 0:02:09]} Nh5 {[%emt 0:00:08]} 35. f6+ {[%emt 0:00:36]} Kf8 {[%emt 0:00:09]} 36. Rf3 {[%emt 0:00:45]} Rh2 {[%emt 0:00:59]} 37. Rh3 {[%emt 0:01:34]} Rxh3+ {[%emt 0:00:36]} 38. Bxh3 {[%emt 0:00:05]} Ng3 {[%emt 0:00:23]} 39. Bc8 {[%emt 0:00:25]} b6 {[%emt 0:00:09]} 40. Bb7 {[%emt 0:00:38]} c5 {[%emt 0:00:06]} 41. Bxd5 {[%emt 0:00:18]} 1-0

[Event "XVI Gran Hotel Bali 2017"]
[Site "Benidorm"]
[Date "2017.12.05"]
[Round "5"]
[White "Cubas Pons, Juan Miguel"]
[Black "Exposito Amaro, Josue"]
[Result "1-0"]
[WhiteElo "2187"]
[BlackElo "2263"]
[Annotator "TA"]
[PlyCount "81"]
[EventDate "2017.??.??"]
[EventType "swiss"]
[EventCountry "ESP"]
[SourceTitle "playchess.com"]
[Source "ChessBase"]
[SourceQuality "1"]

{[%evp 10,81,27,20,16,0,17,-8,0,-7,9,-16,25,4,42,3,0,-8,150,89,81,62,132,115,151,153,148,159,160,115,105,108,107,123,155,138,160,156,154,152,168,160,149,162,184,152,214,179,204,172,222,179,197,165,471,170,604,604,640,640,1147,731,1211,1762,1690,1647,1380,638,1359,1359,1240,1232,29998,29999]} 1. d4 e6 2. c4 f5 3. Nc3 Nf6 4. Bg5 Bb4 5. Qc2 h6 6. Bxf6 {LiveBook: 3 Games. A85: Dutch Defence: 2 c4 Nf6 3 Nc3} Qxf6 7. O-O-O $146 ({Predecessor:} 7. Nf3 b6 8. a3 Bxc3+ 9. Qxc3 Bb7 10. Rc1 O-O 11. g3 Be4 12. Bg2 c5 13. dxc5 Qxc3+ 14. Rxc3 bxc5 {0-1 (49) Jakab,A (2413)-Hoang,T (2482) Hungary 2010}) 7... b6 8. Nb5 {The position is equal.} Na6 9. a3 Be7 10. e4 Bb7 11. exf5 exf5 12. Nf3 O-O 13. Bd3 d5 $2 (13... Bxf3 $11 14. gxf3 c6) 14. Ne5 (14. cxd5 $142 {And now Rhe1 would win.} Bxd5 15. Nc3) 14... c6 15. Nc3 Rad8 ({Better is} 15... Nc5 $1 $14) 16. cxd5 $16 c5 17. Bxa6 Bxa6 18. Nc6 cxd4 19. Nxe7+ Qxe7 20. Rxd4 Rd6 21. Qd2 Rc8 22. Re1 Qf6 23. Kb1 Bc4 24. Qf4 $36 {[%mdl 2048] Keeping Black busy.} b5 25. Re5 Rf8 26. h4 Qf7 27. g3 a6 (27... a5 $16 {was worth a try.} 28. Qe3 Rc8) 28. Qe3 Qg6 {intending ...f4+.} 29. Rf4 Bf1 30. Qc5 Qf6 31. Qd4 Bh3 $2 {[#]} (31... Bd3+ 32. Kc1 Rc8) 32. Ka2 $2 (32. Ne4 $1 {[%mdl 512]} fxe4 33. Rxf6 Rdxf6 34. Re7) 32... Rb8 $2 {[#]} (32... Qd8 33. Qe3 Qb6 34. Qxb6 Rxb6) 33. Ne4 $1 $18 {[%mdl 512]} fxe4 34. Rxf6 gxf6 35. Rxe4 Bg2 36. Qa7 {Intending Rg4+ and mate.} Rbd8 37. Rg4+ Kf8 38. Qg7+ Ke8 39. f3 Bxf3 40. Qg6+ Kf8 41. Qg8+ {Precision: White = 53%, Black = 31%.} 1-0

[Event "XVI Gran Hotel Bali 2017"]
[Site "Benidorm"]
[Date "2017.12.05"]
[Round "5"]
[White "Nieves Cabanes, Javier"]
[Black "Amdouni, Zoubaier"]
[Result "1-0"]
[WhiteElo "2184"]
[BlackElo "2272"]
[Annotator "TA"]
[PlyCount "59"]
[EventDate "2017.??.??"]
[EventType "swiss"]
[EventCountry "ESP"]
[SourceTitle "playchess.com"]
[Source "ChessBase"]
[SourceQuality "1"]

{[%evp 11,59,18,26,18,20,0,26,20,64,51,101,88,193,192,178,140,263,258,323,320,314,312,387,391,587,585,577,580,601,591,739,617,1597,986,979,977,972,965,962,925,1002,969,975,891,961,965,930,815,29990,29984]} 1. d4 Nf6 2. Nf3 e6 3. e3 c5 4. Bd3 Qc7 5. Nbd2 (5. c4 Nc6 6. Nc3 a6 7. O-O d6 8. b3 Be7 9. Bb2 O-O 10. d5 Nb8 11. Qc2 e5 12. Nd2 Nbd7 {1-0 (21) Jussupow,A (2593)-Nueesch,G (2413) Switzerland 2014}) 5... Nc6 6. c3 {A46: 1 d4 Nf6 2 Nf3 e6: Torre, London and Colle Systems} b6 {LiveBook: 3 Games} 7. O-O Be7 8. Re1 {The position is equal.} d6 $146 ({Predecessor:} 8... Bb7 9. Nf1 a6 10. Ng3 h5 11. h4 Ng4 12. e4 g5 13. Bxg5 Bxg5 14. Nxg5 cxd4 15. Rc1 f6 16. Nf3 dxc3 17. Rxc3 {½-½ (49) Iwu,O (2158)-Jones,C (2244) Wheeling 2011}) 9. e4 {[%cal Be3e4,Be4e5][%mdl 32]} cxd4 10. cxd4 ({But not} 10. Nxd4 Ne5 $11) 10... e5 11. Qc2 {Threatens to win with d5.} exd4 {[#]} (11... Bd8 $16) 12. e5 $1 $18 {[%cal Re5f6][%mdl 512]} Nd5 (12... Nxe5 13. Qxc7) 13. Bb5 Bd7 (13... Ndb4 $16 14. Bxc6+ Kf8 15. exd6 Qxd6 16. Rxe7 Qxe7) 14. Qe4 O-O 15. Bd3 {[%csl Gd3][%cal Re4h7]} ({Weaker is} 15. Qxd5 Nb4 $16) 15... g6 {Hoping for ...Ndb4.} 16. Qxd5 Be6 17. exd6 Bxd6 (17... Bxd5 {keeps fighting.} 18. dxc7 Rfc8 19. Nxd4 Rxc7 20. Nxc6 Bxc6) 18. Rxe6 fxe6 19. Qxe6+ Kg7 20. Ne4 Nb4 21. Bg5 Rxf3 22. gxf3 ({Stronger than} 22. Qxd6 Qxd6 23. Nxd6 Rxd3 $17) 22... Bxh2+ 23. Kg2 Nxd3 24. Qf6+ Kg8 25. Qxd4 Rf8 26. Qxd3 Bf4 27. Qd5+ Kg7 28. Rd1 h6 29. Qe6 {Rd7+ would kill now.} Rf7 30. Bf6+ {Precision: White = 89%, Black = 27%.} 1-0

[Event "XVI Gran Hotel Bali 2017"]
[Site "Benidorm"]
[Date "2017.12.05"]
[Round "5"]
[White "Yuksel, Atilla Koksal"]
[Black "Iglesias, Jorge"]
[Result "1/2-1/2"]
[WhiteElo "2184"]
[BlackElo "2291"]
[Annotator "TA"]
[PlyCount "56"]
[EventDate "2017.??.??"]
[EventType "swiss"]
[EventCountry "ESP"]
[SourceTitle "playchess.com"]
[Source "ChessBase"]
[SourceQuality "1"]

{[%evp 9,56,8,47,-9,0,0,0,-18,-22,-22,-25,-51,-50,-64,-59,-138,-106,-138,-143,-154,-110,-101,-81,-107,-91,-143,-148,-142,-151,-135,-150,-151,-42,-58,-64,-69,-42,-42,-38,-36,-31,-126,-43,-48,-43,-43,-40,-43,-33]} 1. e4 e6 2. d4 c5 3. Nf3 cxd4 4. Nxd4 Nc6 5. c4 Qc7 {LiveBook: 14 Games} (5... Nf6 6. Nc3 Bb4 7. Nxc6 bxc6 8. Bd3 e5 9. O-O O-O 10. Qc2 h6 11. a3 Bc5 12. b4 Bd4 13. Rb1 d5 14. exd5 cxd5 15. Nb5 dxc4 16. Bxc4 Ba6 17. Nxd4 Bxc4 18. Qxc4 Qxd4 {½-½ (30) Morozevich,A (2712)-Maletin,P (2571) Rostov on Don 2014}) 6. Nxc6 {B44: Sicilian: Taimanov: 5 Nb5} (6. Nc3 $14) 6... dxc6 $11 7. Nc3 $146 ({Predecessor:} 7. Be2 e5 8. O-O Nf6 9. Qc2 Be6 10. a3 a5 11. Nc3 Bc5 12. Kh1 h6 13. Rb1 {0-1 (33) Gakovic,I (1712)-Djukic,S (2189) Kragujevac 2013}) 7... e5 8. Bd3 {The position is equal.} Bc5 9. O-O Ne7 10. Kh1 Ng6 11. Ne2 Be6 12. a3 (12. Qc2 $15) 12... Rd8 {And now ...Bxc4! would win.} 13. b3 O-O 14. Ra2 Rd7 15. Rd2 a5 16. Qc2 Rfd8 17. Qc3 ({Better is} 17. Rdd1) 17... Qb6 $17 18. f3 Be3 19. Rdd1 Bxc1 20. Nxc1 {[%cal Be2c1,Bc1d3,Bd3f2][%mdl 32] [#]} Nf4 (20... Qc5 $1 $17 21. b4 Qd4) 21. c5 $1 $15 {[%cal Rc5b6]} Qc7 22. g3 Nxd3 (22... Nh3 {feels hotter.} 23. Rd2 a4 24. bxa4 Rd4 25. Rfd1 h6) 23. Rxd3 Rxd3 24. Nxd3 Rd4 25. Kg1 {[#]} (25. Kg2 $15) 25... f6 (25... a4 $1 $17 26. Nc1 Qd7 27. bxa4 f6) 26. Rb1 {Black is slightly better.} Qd8 27. Nf2 $1 h6 28. Kg2 Kh7 {Precision: White = 43%, Black = 67%.} 1/2-1/2

[Event "XVI Gran Hotel Bali 2017"]
[Site "Benidorm"]
[Date "2017.12.05"]
[Round "5"]
[White "Alvarez Morales, Miguel"]
[Black "Serra Pages, Jordi"]
[Result "1/2-1/2"]
[WhiteElo "2156"]
[BlackElo "2238"]
[Annotator "TA"]
[PlyCount "41"]
[EventDate "2017.??.??"]
[EventType "swiss"]
[EventCountry "ESP"]
[SourceTitle "playchess.com"]
[Source "ChessBase"]
[SourceQuality "1"]

{[%evp 14,15,23,0]} 1. c4 Nf6 2. Nc3 g6 3. e4 d6 4. d4 Bg7 5. Nf3 O-O 6. Be2 e5 7. dxe5 dxe5 8. Qxd8 {Vorgänger:} Rxd8 $146 9. Bg5 Rf8 10. Nd5 Nxd5 11. cxd5 c6 12. Bc4 cxd5 13. Bxd5 Nd7 14. O-O-O Nb6 15. Bb3 Bd7 16. Be3 Bc6 17. Nd2 Kh8 18. f3 f5 19. h4 h5 20. Kb1 Kh7 21. Bc2 {1-0 (43) So,W (2788)-Dominguez Perez,L (2739) Saint Louis 2017} 1/2-1/2

[Event "XVI Gran Hotel Bali 2017"]
[Site "Benidorm"]
[Date "2017.12.05"]
[Round "6"]
[White "Fernandez Barrera, Victor"]
[Black "Olcum, Ahmet"]
[Result "1-0"]
[WhiteElo "2300"]
[BlackElo "2231"]
[Annotator "NA RC"]
[PlyCount "111"]
[EventDate "2017.??.??"]
[EventType "swiss"]
[EventCountry "ESP"]
[SourceTitle "playchess.com"]
[Source "ChessBase"]
[SourceQuality "1"]
[TimeControl "5400+30"]

1. d4 {[%emt 0:00:00]} d6 {[%emt 0:06:11]} 2. Nf3 {[%emt 0:00:00]} g6 {[%emt 0:00:30]} 3. c4 {[%emt 0:00:00]} Bg7 {[%emt 0:00:12]} 4. Nc3 {[%emt 0:00:16]} Nd7 {[%emt 0:01:32]} 5. g3 {[%emt 0:02:08]} e5 {[%emt 0:00:13]} 6. Bg2 {[%emt 0:01:46]} Ne7 {[%emt 0:00:02]} 7. O-O {[%emt 0:01:01]} O-O {[%emt 0:00:02]} 8. dxe5 {[%emt 0:03:07]} dxe5 {[%emt 0:01:13] A41: 1 d4 d6: Tartakower System and Modern Defence} 9. Qc2 {[%emt 0:01:01]} Nf5 {[%emt 0:01:13] LiveBook: 39 Games} 10. Rd1 {[%emt 0:02:54]} c6 {[%emt 0:04:25]} 11. Ne4 {[%emt 0:03:35]} Qe7 {[%emt 0:13:19]} 12. c5 {[%emt 0:07:20]} h6 {[%emt 0:04:23]} 13. e3 $146 {[%emt 0:06:42]} ({Predecessor:} 13. a4 Nf6 14. Nxf6+ Qxf6 15. Bd2 Nd4 16. Nxd4 exd4 {1-0 (37) Schnitzspan,L (2311)-Rotstein,A (2529) Bad Homburg 2011}) 13... Re8 {[%emt 0:19:21]} 14. b3 {[%emt 0:20:21]} Bf8 {[%emt 0:04:04]} (14... Nf6 $142) 15. Ba3 {[%emt 0:02:15]} Nf6 {[%emt 0:10:58]} 16. Nxf6+ {[%emt 0:06:58]} Qxf6 {[%emt 0:00:01]} 17. Nd2 {[%emt 0:00:11]} Ng7 {[%emt 0:03:13]} 18. Ne4 {[%emt 0:00:40]} Qe7 {[%emt 0:01:42]} 19. Qc3 {[%emt 0:01:59]} Bf5 {[%emt 0:06:56]} 20. Nd6 {[%emt 0:00:47]} Red8 {[%emt 0:00:08]} 21. Bb2 {[%emt 0:07:54]} f6 {[%emt 0:04:39]} 22. b4 {[%emt 0:00:05]} Qc7 {[%emt 0:04:04]} 23. Nxf5 {[%emt 0:06:29]} Nxf5 {[%emt 0:00:08]} 24. h4 {[%emt 0:03:53]} h5 {[%emt 0:01:59]} 25. Bh3 {[%emt 0:01:50]} Rxd1+ {[%emt 0:01:24]} 26. Rxd1 {[%emt 0:00:02]} Rd8 {[%emt 0:00:01]} 27. Rd3 {[%emt 0:01:53]} Be7 {[%emt 0:02:40]} 28. e4 $14 {[%emt 0:01:47]} Rxd3 {[%emt 0:06:12]} 29. Qxd3 {[%emt 0:00:08]} Ng7 {[%emt 0:02:06]} 30. Bc1 {[%emt 0:03:37]} a5 {[%emt 0:01:37]} 31. a3 {[%emt 0:00:20]} axb4 {[%emt 0:00:01]} 32. axb4 {[%emt 0:00:06]} b6 {[%emt 0:00:13]} 33. Be3 {[%emt 0:02:54]} bxc5 {[%emt 0:00:02]} 34. bxc5 {[%emt 0:02:59]} Kh7 {[%emt 0:01:24]} 35. Qa6 {[%emt 0:06:44]} f5 {[%emt 0:00:29]} 36. exf5 {[%emt 0:01:33]} Nxf5 {[%emt 0:01:11]} 37. Bxf5 {[%emt 0:00:17]} gxf5 {[%emt 0:00:01]} 38. Qc4 {[%emt 0:00:30]} Kg7 {[%emt 0:01:07]} 39. Qe6 {[%emt 0:00:01]} f4 {[%emt 0:00:26]} 40. gxf4 {[%emt 0:00:17]} Bxh4 {[%emt 0:00:26]} 41. fxe5 {[%emt 0:00:37]} Qe7 {[%emt 0:00:34]} 42. Qh6+ {[%emt 0:00:21]} Kf7 {[%emt 0:00:23]} 43. Qxh5+ {[%emt 0:00:23]} Ke6 {[%emt 0:00:01]} 44. Qg6+ {[%emt 0:01:33]} Kxe5 {[%emt 0:00:52]} 45. Qxc6 {[%emt 0:01:13]} Bf6 {[%emt 0:00:50]} 46. Qf3 {[%emt 0:00:34]} Ke6 {[%emt 0:00:27]} 47. Qe4+ {[%emt 0:00:28]} Kd7 {[%emt 0:00:24]} 48. Qxe7+ {[%emt 0:01:14]} Bxe7 {[%emt 0:00:01]} 49. Kg2 {[%emt 0:00:12]} Kc6 {[%emt 0:00:25]} 50. Kg3 {[%emt 0:00:41]} Bxc5 {[%emt 0:00:11]} 51. Bxc5 {[%emt 0:00:16]} Kxc5 {[%emt 0:00:02]} 52. Kg4 {[%emt 0:00:18]} Kd6 {[%emt 0:00:02]} 53. Kf5 {[%emt 0:00:23]} Ke7 {[%emt 0:00:01]} 54. Kg6 {[%emt 0:00:07]} Kf8 {[%emt 0:00:13]} 55. f3 {[%emt 0:00:30]} Kg8 {[%emt 0:00:12]} 56. f4 {[%emt 0:00:07]} 1-0